| 000 | 00644nam a22002177a 4500 | ||
|---|---|---|---|
| 005 | 20240907071454.0 | ||
| 008 | 240907b |||||||| |||| 00| 0 eng d | ||
| 020 | _a9788197460333 | ||
| 040 |
_aIN-DiNC _cIN-DiNC |
||
| 041 | _dasm | ||
| 082 |
_a306.8 _bKON |
||
| 100 |
_aKonwar, Urbashi _eauthor |
||
| 245 |
_aBibah, pariyal aru atmiyata (GEC3)/ _cby Urbashi Konwar, Beauty Begum and Rajdeep Mahanta |
||
| 250 | _a1st ed. | ||
| 260 |
_aDibrugarh: _bMahaveer publications, _c2024. |
||
| 300 | _a232p. | ||
| 650 | _aMarriage, family and kinship | ||
| 700 |
_aBegum, Beauty _eauthor |
||
| 700 |
_aMahanta, Rajdeep _eauthor |
||
| 942 |
_2ddc _cBK |
||
| 999 |
_c11943 _d11943 |
||